La emancipación femenina
-д хадгалсан:
| Үндсэн зохиолч: | |
|---|---|
| Формат: | Ном |
| Хэл сонгох: | испани |
| Хэвлэсэн: |
Madrid
Akal
1978
|
| Нөхцлүүд: | |
| Шошгууд: |
Шошго нэмэх
Шошго байхгүй, Энэхүү баримтыг шошголох эхний хүн болох!
|
MARC
| LEADER | 00000nam a2200000 a 4500 | ||
|---|---|---|---|
| 001 | UCP9360 | ||
| 003 | CL-VaPUC | ||
| 008 | 000324e19780000SP |||||||||||||||||spa|d | ||
| 082 | 0 | 4 | |a 305.4 |b TOG |2 21 |
| 100 | 0 | |a Togliatti, Palmiro |e author |9 439877 | |
| 245 | 1 | 3 | |a La emancipación femenina |
| 300 | |a 143 p | ||
| 942 | |c BK | ||
| 945 | |d 20000324 00:00:00 |a crobeson | ||
| 260 | |a Madrid |b Akal |c 1978 | ||
| 650 | 0 | |a Feminismo |9 259085 | |
| 650 | 0 | |a Condiciones sociales |9 257278 | |
| 650 | 0 | |a Aspectos políticos |9 257400 | |
| 650 | 7 | |a EDUCACION DE LA MUJER |2 CL-VaPUC |9 307884 | |
| 650 | 7 | |a IGUALDAD DE LA EDUCACION |2 CL-VaPUC |9 339796 | |
| 650 | 0 | |a Trabajo de la mujer |9 308425 | |
| 650 | 0 | |a Derechos civiles |9 255655 | |
| 650 | 7 | |a DERECHO DE LA MUJER |2 CL-VaPUC |9 358272 | |
| 650 | 7 | |a SUFRAGIO FEMENIMO |2 CL-VaPUC |9 439878 | |
| 651 | 0 | |a Italia |9 254949 | |
| 583 | |a last modification |c 20000324 00:00:00 |k Rodrigo Vera | ||
| 999 | |c 286182 |d 286180 | ||
| 952 | |0 0 |1 0 |4 0 |6 305_400000000000000_TOG_1978 |7 0 |8 A |9 331669 |a BIBHIS |b BIBHIS |d 2019-11-20 |i 1397729 |l 1 |o 305.4 TOG 1978 |p 1397729 |r 2025-01-20 |s 2022-06-15 |w 2019-11-20 |y BK |k HIS | ||